Stop-motion puppet sculpting : a manual of foam injection, build-up, and finishing techniques /

Bibliographic Details
Main Author: Brierton, Tom, 1957-
Format: Book
Language:English
Published: Jefferson, N.C. : McFarland & Co., [2004]
Subjects:

MARC

Tag First Indicator Second Indicator Subfields
LEADER 00000cam a22000004a 4500
001 in00002001069
005 20151031125515.0
008 040308s2004 ncua b 001 0 eng
010 |a  2004005501 
020 |a 0786418737 (pbk. : alk. paper) 
035 |a (OCoLC)ocm54778420 
040 |a DLC  |c DLC  |d UtOrBLW 
042 |a pcc 
049 |a TXAM 
050 0 0 |a TR897.5  |b .B7523 2004 
082 0 0 |a 791.43/34  |2 22 
100 1 |a Brierton, Tom,  |d 1957- 
245 1 0 |a Stop-motion puppet sculpting :  |b a manual of foam injection, build-up, and finishing techniques /  |c Tom Brierton. 
264 1 |a Jefferson, N.C. :  |b McFarland & Co.,  |c [2004] 
264 4 |c ©2004 
300 |a ix, 74 pages :  |b illustrations ;  |c 28 cm. 
336 |a text  |b txt  |2 rdacontent 
337 |a unmediated  |b n  |2 rdamedia 
338 |a volume  |b nc  |2 rdacarrier 
504 |a Includes bibliographical references (pages 71-72) and index. 
505 0 |a Research, design, sketching and sculpting -- The sculpting process -- The foam injection technique -- Mixing and injecting hot foam latex -- Creating build-up puppets. 
650 0 |a Animation (Cinematography) 
650 0 |a Puppet films. 
650 0 |a Puppet making. 
650 0 |a Foam. 
945 |i PromptCat 
948 |a cataloged  |b h  |c 2004/11/5  |d c  |e cmulkey  |f 2:05:50 pm 
994 |a 92  |b TXA 
999 |a MARS 
999 f f |s dd6945a7-820a-3748-a2db-69f93caa1f90  |i 798ca2eb-5f9b-3a56-a51f-57631343e9bf  |t 0 
952 f f |p ric  |a Texas A&M University  |b Rellis Campus  |c Joint Library Facility  |d Remote Storage  |t 0  |e TR897.5 .B7523 2004  |h Library of Congress classification  |i unmediated -- volume  |m A14831599356 
998 f f |a TR897.5 .B7523 2004  |t 0  |l Remote Storage